al-Maʻsūl /
محفوظ في:
المؤلف الرئيسي:
التنسيق: كتاب
اللغة: Arabic
منشور في:
al-Dār al-Bayḍāʼ :
Maṭbaʻat al-Najāḥ,
1960-1963.
الموضوعات:
الوسوم: إضافة وسم
لا توجد وسوم, كن أول من يضع وسما على هذه التسجيلة!
رقم الطلب: DT328 .S6 S9 v.1-20
| LEADER | 04211nam a2200481Ia 4500 | ||
|---|---|---|---|
| 003 | OSt | ||
| 005 | 20230718085600.0 | ||
| 008 | 130303m19601963mr b 000 0 ara d | ||
| 952 | |0 0 |1 0 |2 lcc |3 V.1 |4 0 |6 DT0328 S6 S9 V.00001-00020 |7 1 |9 49263 |a ARCE |b ARCE |d 2023-07-18 |l 0 |o DT328 .S6 S9 v.1-20 |p 1023851 |r 2023-07-18 00:00:00 |w 2023-07-18 |y BK | ||
| 952 | |0 0 |1 0 |2 lcc |3 V.2 |4 0 |6 DT0328 S6 S9 V.00001-00020 |7 1 |9 63925 |a ARCE |b ARCE |d 2024-03-04 |l 0 |o DT328 .S6 S9 v.1-20 |p 1023852 |r 2024-03-04 00:00:00 |w 2024-03-04 |y BK | ||
| 952 | |0 0 |1 0 |2 lcc |3 V.3 |4 0 |6 DT0328 S6 S9 V.00001-00020 |7 1 |9 63926 |a ARCE |b ARCE |d 2024-03-04 |l 0 |o DT328 .S6 S9 v.1-20 |p 1023853 |r 2024-03-04 00:00:00 |w 2024-03-04 |y BK | ||
| 952 | |0 0 |1 0 |2 lcc |3 V.4 |4 0 |6 DT0328 S6 S9 V.00001-00020 |7 1 |9 63927 |a ARCE |b ARCE |d 2024-03-04 |l 0 |o DT328 .S6 S9 v.1-20 |p 1023854 |r 2024-03-04 00:00:00 |w 2024-03-04 |y BK | ||
| 952 | |0 0 |1 0 |2 lcc |3 V.5 |4 0 |6 DT0328 S6 S9 V.00001-00020 |7 1 |9 63928 |a ARCE |b ARCE |d 2024-03-04 |l 0 |o DT328 .S6 S9 v.1-20 |p 1023855 |r 2024-03-04 00:00:00 |w 2024-03-04 |y BK | ||
| 952 | |0 0 |1 0 |2 lcc |3 V.6 |4 0 |6 DT0328 S6 S9 V.00001-00020 |7 1 |9 63929 |a ARCE |b ARCE |d 2024-03-04 |l 0 |o DT328 .S6 S9 v.1-20 |p 1023856 |r 2024-03-04 00:00:00 |w 2024-03-04 |y BK | ||
| 952 | |0 0 |1 0 |2 lcc |3 V.7 |4 0 |6 DT0328 S6 S9 V.00001-00020 |7 1 |9 63930 |a ARCE |b ARCE |d 2024-03-04 |l 0 |o DT328 .S6 S9 v.1-20 |p 1023857 |r 2024-03-04 00:00:00 |w 2024-03-04 |y BK | ||
| 952 | |0 0 |1 0 |2 lcc |3 V.8 |4 0 |6 DT0328 S6 S9 V.00001-00020 |7 1 |9 63931 |a ARCE |b ARCE |d 2024-03-04 |l 0 |o DT328 .S6 S9 v.1-20 |p 1023858 |r 2024-03-04 00:00:00 |w 2024-03-04 |y BK | ||
| 952 | |0 0 |1 0 |2 lcc |3 V.9 |4 0 |6 DT0328 S6 S9 V.00001-00020 |7 1 |9 63932 |a ARCE |b ARCE |d 2024-03-04 |l 0 |o DT328 .S6 S9 v.1-20 |p 1023859 |r 2024-03-04 00:00:00 |w 2024-03-04 |y BK | ||
| 952 | |0 0 |1 0 |2 lcc |3 V.10 |4 0 |6 DT0328 S6 S9 V.00001-00020 |7 1 |9 63933 |a ARCE |b ARCE |d 2024-03-04 |l 0 |o DT328 .S6 S9 v.1-20 |p 1023860 |r 2024-03-04 00:00:00 |w 2024-03-04 |y BK | ||
| 952 | |0 0 |1 0 |2 lcc |3 V.11 |4 0 |6 DT0328 S6 S9 V.00001-00020 |7 1 |9 63934 |a ARCE |b ARCE |d 2024-03-04 |l 0 |o DT328 .S6 S9 v.1-20 |p 1023861 |r 2024-03-04 00:00:00 |w 2024-03-04 |y BK | ||
| 952 | |0 0 |1 0 |2 lcc |3 V.12 |4 0 |6 DT0328 S6 S9 V.00001-00020 |7 1 |9 63935 |a ARCE |b ARCE |d 2024-03-04 |l 0 |o DT328 .S6 S9 v.1-20 |p 1023862 |r 2024-03-04 00:00:00 |w 2024-03-04 |y BK | ||
| 952 | |0 0 |1 0 |2 lcc |3 V.13 |4 0 |6 DT0328 S6 S9 V.00001-00020 |7 1 |9 63936 |a ARCE |b ARCE |d 2024-03-04 |l 0 |o DT328 .S6 S9 v.1-20 |p 1023863 |r 2024-03-04 00:00:00 |w 2024-03-04 |y BK | ||
| 952 | |0 0 |1 0 |2 lcc |3 V.14 |4 0 |6 DT0328 S6 S9 V.00001-00020 |7 1 |9 63937 |a ARCE |b ARCE |d 2024-03-04 |l 0 |o DT328 .S6 S9 v.1-20 |p 1023864 |r 2024-03-04 00:00:00 |w 2024-03-04 |y BK | ||
| 952 | |0 0 |1 0 |2 lcc |3 V.15 |4 0 |6 DT0328 S6 S9 V.00001-00020 |7 1 |9 63938 |a ARCE |b ARCE |d 2024-03-04 |l 0 |o DT328 .S6 S9 v.1-20 |p 1023865 |r 2024-03-04 00:00:00 |w 2024-03-04 |y BK | ||
| 952 | |0 0 |1 0 |2 lcc |3 V.16 |4 0 |6 DT0328 S6 S9 V.00001-00020 |7 1 |9 63939 |a ARCE |b ARCE |d 2024-03-04 |l 0 |o DT328 .S6 S9 v.1-20 |p 1023866 |r 2024-03-04 00:00:00 |w 2024-03-04 |y BK | ||
| 952 | |0 0 |1 0 |2 lcc |3 V.17 |4 0 |6 DT0328 S6 S9 V.00001-00020 |7 1 |9 63940 |a ARCE |b ARCE |d 2024-03-04 |l 0 |o DT328 .S6 S9 v.1-20 |p 1023867 |r 2024-03-04 00:00:00 |w 2024-03-04 |y BK | ||
| 952 | |0 0 |1 0 |2 lcc |3 V.18 |4 0 |6 DT0328 S6 S9 V.00001-00020 |7 1 |9 63941 |a ARCE |b ARCE |d 2024-03-04 |l 0 |o DT328 .S6 S9 v.1-20 |p 1023868 |r 2024-03-04 00:00:00 |w 2024-03-04 |y BK | ||
| 952 | |0 0 |1 0 |2 lcc |3 V.19 |4 0 |6 DT0328 S6 S9 V.00001-00020 |7 1 |9 63942 |a ARCE |b ARCE |d 2024-03-04 |l 0 |o DT328 .S6 S9 v.1-20 |p 1023869 |r 2024-03-04 00:00:00 |w 2024-03-04 |y BK | ||
| 952 | |0 0 |1 0 |2 lcc |3 V.20 |4 0 |6 DT0328 S6 S9 V.00001-00020 |7 1 |9 63943 |a ARCE |b ARCE |d 2024-03-04 |l 0 |o DT328 .S6 S9 v.1-20 |p 1023870 |r 2024-03-04 00:00:00 |w 2024-03-04 |y BK | ||
| 999 | |c 26667 |d 26667 | ||
| 040 | |c ARCE Library | ||
| 043 | |a f-mr--- | ||
| 050 | 4 | |a DT328 .S6 S9 v.1-20 | |
| 100 | 1 | |6 880-01 |a Sūsī, Muḥammad al-Mukhtār, |e author |9 40705 | |
| 245 | 1 | 3 | |6 880-02 |a al-Maʻsūl / |c Muḥammad al-Mukhtār al-Sūsi. |
| 264 | 1 | |a al-Dār al-Bayḍāʼ : |b Maṭbaʻat al-Najāḥ, |c 1960-1963. | |
| 300 | |a 20 volumes ; |c 24 cm. | ||
| 504 | |a Includes bibliographical references. | ||
| 651 | 0 | |a Sous Region (Morocco) |v Biography. | |
| 651 | 0 | |a Sous Region (Morocco) |x Intellectual life. | |
| 880 | 1 | |6 100-01/(3/r |a سوسي، محمد المختار | |
| 880 | 1 | 2 | |6 245-02/(3/r |a المعسول |c محمد المختار السوسي |
| 901 | |a reviewed | ||
| 942 | |c BK |2 lcc | ||
